000 00415nam a2200169Ia 4500
008 230524s9999 xx 000 0 und d
020 _a8187328886
082 _a4
_bSAR
100 _aN.Saravanan
245 0 _aComputer Fundamentals With MS Office Applications
260 _aCHENNAI
_bScitech
_c2002
300 _a771
500 _aQuantity Number: 2
650 _aComp-Sc
700 _a D.Shanthi
942 _cBK
999 _c5721
_d5721